00000000cam 2200000zi 4500
0019.956504
003CaOODSP
00520251209081639
006m     o  d f      
007cr cn|||||||||
008251020e20251208oncd    obs  f000 0 fre d
020 |a9780660794150
040 |aCaOODSP|bfre|erda|cCaOODSP
043 |an-cn---
0861 |aCS11-633/2025-59F-PDF
24500|aBase de données longitudinales sur l'immigration (BDIM) : |brapport technique, 2024.
264 1|a[Ottawa] : |bStatistique Canada = Statistics Canada, |cle 8 décembre 2025.
264 4|c©2025
300 |a1 ressource en ligne (79 pages) : |bgraphiques.
336 |atexte|btxt|2rdacontent/fre
337 |ainformatique|bc|2rdamedia/fre
338 |aressource en ligne|bcr|2rdacarrier/fre
4901 |aÉtudes analytiques : méthodes et références, |x2371-3437 ; |vn° 059
500 |aPublié aussi en anglais sous le titre : Longitudinal Immigration Database (IMDB) technical report, 2024.
504 |aComprend des références bibliographiques (page 79).
5203 |a« La base de données longitudinales sur l'immigration (BDIM) est une source importante et complète de données contribuant à mieux comprendre le comportement économique des immigrants. Il s'agit du seul ensemble annuel de données canadiennes permettant d'étudier les caractéristiques des immigrants au Canada au moment de leur admission ainsi que leur situation économique et leur mobilité régionale (interprovinciale) sur plus de 40 ans. La BDIM comprend les dossiers administratifs d'Immigration Réfugiés et Citoyenneté Canada (IRCC) qui contiennent des renseignements exhaustifs sur les immigrants admis au Canada depuis 1952. Elle comprend également des données sur les résidents non permanents à qui on délivré des permis de séjour temporaire depuis 1980. Ce rapport traitera des sources de données, des concepts et des variables de la BDIM, du couplage d'enregistrements, du traitement des données, de la diffusion, de l'évaluation des données et des indicateurs de qualité, de la comparabilité avec d'autres ensembles de données relatives à l'immigration ainsi que des analyses rendues possibles avec la BDIM » -- Résumé, page 8.
650 6|aImmigrants|zCanada|xBases de données.
650 6|aImmigrants|zCanada|xStatistiques.
650 6|aImmigrants|zCanada|xConditions économiques|xBases de données.
650 6|aImmigrants|zCanada|xConditions économiques|vStatistiques.
655 7|aStatistiques|2rvmgf
7102 |aStatistique Canada, |eorganisme de publication.
77508|tLongitudinal Immigration Database (IMDB) technical report, 2024.|w(CaOODSP)9.956503
795 |tBase de données longitudinales sur l'immigration (BDIM) : |b2023|w(CaOODSP)9.944333
830#0|aÉtudes analytiques : méthodes et références (Statistique Canada)|x2371-3437 ; |vn° 059.|w(CaOODSP)9.821680
85640|qPDF|s1.09 Mo|uhttps://publications.gc.ca/collections/collection_2025/statcan/11-633-x/11-633-x2025004-fra.pdf
8564 |qHTML|sS.O.|uhttps://www150.statcan.gc.ca/n1/pub/11-633-x/11-633-x2025004-fra.htm
986 |a11-633-X No 059